书目信息 |
| 题名: |
维吾尔语口语读本
|
|
| 作者: | 再娜甫 , 王煜 编著 | |
| 分册: | ||
| 出版信息: | 北京 中央民族大学出版社 2001.10 |
|
| 页数: | 428页 | |
| 开本: | 21cm | |
| 丛书名: | ||
| 单 册: | ||
| 中图分类: | H215.94 | |
| 科图分类: | ||
| 主题词: | 维吾尔语--wei wu er yu--口语 | |
| 电子资源: | ||
| ISBN: | 7-81056-199-5 | |
| 000 | 01009nam0 2200265 450 | |
| 001 | 012007851531 | |
| 005 | 20071205094209.93 | |
| 010 | @a7-81056-199-5@dCNY23.00 | |
| 100 | @a20071205d2001 km y0chi0120 ea | |
| 101 | 0 | @achi@auig |
| 102 | @aCN@b110000 | |
| 105 | @ay z 000yy | |
| 106 | @ar | |
| 200 | 1 | @a维吾尔语口语读本@Awei wu er yu kou yu du ben@f再娜甫, 王煜编著@Fzai na fu,wang yu bian zhu |
| 210 | @a北京@c中央民族大学出版社@d2001.10 | |
| 215 | @a428页@d21cm | |
| 304 | @a有维吾尔语并列题名。 | |
| 330 | @a本书是一本维汉双语教学的教材。全书共三十三课,每课分谚语、课文、生词和译文四部分。本书在注重思想性、科学性的同时,还采用会话形式,内容生动活泼,风趣横生,且富有知识性和感染力。 | |
| 333 | @a术等民间艺术、间及古代名人名著,本书在特别注重思想性、科学性的同时,还采用会话形式。 | |
| 606 | 0 | @a维吾尔语@Awei wu er yu@x口语 |
| 690 | @aH215.94@v4 | |
| 701 | 0 | @a再娜甫@Azai na fu@4编著 |
| 701 | 0 | @a王煜@Awang yu@4编著 |
| 801 | 0 | @aCN@bQSSK@c20071205 |
| 905 | @b270965@dH215.94@eZ005@f1 | |
| 维吾尔语口语读本/再娜甫, 王煜编著.-北京:中央民族大学出版社,2001.10 |
| 428页;21cm |
| 使用对象:术等民间艺术、间及古代名人名著,本书在特别注重思想性、科学性的同时,还采用会话形式。 |
| ISBN 7-81056-199-5:CNY23.00 |
| 本书是一本维汉双语教学的教材。全书共三十三课,每课分谚语、课文、生词和译文四部分。本书在注重思想性、科学性的同时,还采用会话形式,内容生动活泼,风趣横生,且富有知识性和感染力。 |
| ● |
| 相关链接 |
|
|
|
正题名:维吾尔语口语读本
索取号:H215.94/Z005
 
预约/预借
| 序号 | 登录号 | 条形码 | 馆藏地/架位号 | 状态 | 备注 |
| 1 | 270965 | 202709658 | 自科二线504/504自科库 46排1列5层/ [索取号:H215.94/Z005] | 在馆 |